| Tag |
First Indicator |
Second Indicator |
Subfields |
| LEADER |
00000nam a2200000Ia 4500 |
| 001 |
in00004198513 |
| 005 |
20200806090157.0 |
| 006 |
m g d |
| 007 |
cr bn |||a|bb| |
| 008 |
080428s1679 enk o 000 0 eng d |
| 040 |
|
|
|a UMI
|c UMI
|e dcrb
|
| 035 |
|
|
|a (OCoLC)226317647
|
| 037 |
|
|
|a CL2105000002
|b ProQuest Information and Learning, 789 E. Eisenhower Parkway, Ann Arbor, MI 48108-3218
|
| 043 |
|
|
|a e-uk---
|
| 090 |
|
|
|a DA670.E7
|b E73 1679
|
| 049 |
|
|
|a UMIA
|
| 245 |
0 |
0 |
|a Essex's excellency: or, The gallantry of the freeholders of that country. :
|b Being a short account of the brave British behaviour of those worthy freeholders, in the choice of their knights to serve in the next Parliament. Together with the truly noble Lord Gray his speech at the close of their choice.
|
| 246 |
3 |
0 |
|a Gallantry of the freeholders of that country
|
| 260 |
|
|
|a [London] :
|b An eye-witness of their most noble courage for the example of their neighbouring counties,
|c [1679]
|
| 300 |
|
|
|a 1 online resource (8 pages)
|
| 336 |
|
|
|a text
|b txt
|2 rdacontent
|
| 337 |
|
|
|a computer
|b c
|2 rdamedia
|
| 338 |
|
|
|a online resource
|b cr
|2 rdacarrier
|
| 500 |
|
|
|a Caption title.
|
| 500 |
|
|
|a Plaxce and date of publication suggested by Wing.
|
| 510 |
4 |
|
|a Wing (2nd edition)
|c E3343
|
| 500 |
|
|
|a Reproduction of original in the British Library.
|
| 533 |
|
|
|a Electronic reproduction.
|b Ann Arbor, Mich. :
|c UMI,
|d 1999-
|f (Early English books online)
|n Digital version of: (Early English books; Tract supplement ; D2:1[133])
|7 s1999 miun s
|
| 651 |
|
0 |
|a Essex (England)
|x Politics and government
|v Early works to 1800.
|
| 610 |
1 |
0 |
|a Great Britain.
|b Parliament
|x Elections
|v Early works to 1800.
|
| 700 |
0 |
|
|a Eye-witness of their most noble courage for the example of their neighbouring counties.
|
| 830 |
|
0 |
|a Early English books online.
|
| 856 |
4 |
0 |
|u http://proxy.library.tamu.edu/login?url=https://search.proquest.com/docview/2248524895
|z Connect to the full text of this electronic book
|t 0
|
| 994 |
|
|
|a 02
|b UMI
|
| 999 |
f |
f |
|s 1c742400-be3a-3e38-972b-f4315d0f165a
|i 3152574f-1415-304a-8a1b-ece0031f9d97
|t 0
|
| 952 |
f |
f |
|a Texas A&M University
|b College Station
|c Electronic Resources
|d Available Online
|t 0
|e DA670.E7 E73 1679
|h Library of Congress classification
|
| 998 |
f |
f |
|a DA670.E7 E73 1679
|t 0
|l Available Online
|